ბათუმის შოთა რუსთაველის სახელმწიფო უნივერსიტეტის ბიბლიოთეკა

Сборник упражнений по програмированию. (ბიბ.ჩანაწერი № 37903)

000 -LEADER
fixed length control field 00648nam a2200217Ia 4500
001 - CONTROL NUMBER
control field 3881
003 - CONTROL NUMBER IDENTIFIER
control field GE_BSU
008 - FIXED-LENGTH DATA ELEMENTS--GENERAL INFORMATION
fixed length control field 181216s||||||||xx |||||||||||||| ||und||
040 ## - CATALOGING SOURCE
Transcribing agency GE_BSU
080 ## - UNIVERSAL DECIMAL CLASSIFICATION NUMBER
Universal Decimal Classification number 004.42
100 ## - MAIN ENTRY--PERSONAL NAME
Personal name Балакин,В.Б.Савинков,В.М. Цальп,В.Д.
245 ## - TITLE STATEMENT
Title Сборник упражнений по програмированию.
245 ## - TITLE STATEMENT
Statement of responsibility, etc. Ред.И.А.Иванов.
260 ## - PUBLICATION, DISTRIBUTION, ETC.
Place of publication, distribution, etc. М.
260 ## - PUBLICATION, DISTRIBUTION, ETC.
Name of publisher, distributor, etc. Высшая школа.
260 ## - PUBLICATION, DISTRIBUTION, ETC.
Date of publication, distribution, etc. 1970.
300 ## - PHYSICAL DESCRIPTION
Extent 462стр.21см.
653 ## - INDEX TERM--UNCONTROLLED
Uncontrolled term Сборник упражнений по програмированию.
942 ## - ADDED ENTRY ELEMENTS (KOHA)
Koha item type წიგნი
ეგზემპლარები
Withdrawn status Lost status Damaged status Not for loan Date acquired Barcode Date last seen Price effective from Koha item type
        2018-12-17 8523 2018-12-17 2018-12-17 წიგნი